| 000 | 01160cam a2200313 a 4500 | ||
|---|---|---|---|
| 001 | 9138 | ||
| 003 | FISKH | ||
| 005 | 20251125103735.0 | ||
| 008 | 990624s1998 ncua a 000 0 eng | ||
| 010 | _a 99220177 | ||
| 035 | _a246169 | ||
| 040 |
_aDLC _cDLC _dDLC _beng |
||
| 050 | 0 | 0 |
_aQB637.4 _b.B35 1998 |
| 082 | 0 | 0 |
_a508.2 _222 |
| 100 | 1 | _aBallard, Jerry. | |
| 245 | 1 | 0 |
_aFour seasons for little people / _ctext by Jerry Ballard and Kimberly Ballard ; illustrations by Lynne Marie Davis ; special assistance from Greg Cherry ... [et al.]. |
| 260 |
_aGastonia : _bFidelity Associates, _c1998. |
||
| 300 |
_a66 unnumbered pages : _bcolor illustrations ; _c21 cm |
||
| 505 | _aF | ||
| 520 | _aDescribes the characteristics of the four seasons and their effect on the plant and animal life. | ||
| 521 | 8 |
_a300
_bLexile estimate |
|
| 521 | 8 |
_aF
_bRaz-Plus |
|
| 650 | 0 |
_aSeasons _vJuvenile literature. |
|
| 650 | 1 | _aSeasons. | |
| 655 | 7 |
_aLiterature. _2lcgft _0https://id.loc.gov/authorities/genreForms/gf2014026415 |
|
| 700 | 1 |
_aDavis, Lynne Marie, _eillustrator |
|
| 906 |
_a7 _bcbc _corignew _d3 _encip _f19 _gy-gencatlg |
||
| 942 |
_2ddc _cBK _n0 |
||
| 999 |
_c9138 _d9138 |
||